Discovering computers : Fundamentals

Đã lưu trong:
书目详细资料
主要作者: Shelly, Gary B.
格式: 图书
语言:Undetermined
出版: Boston, MA Thomson Course Technology 2008
主题:
标签: 添加标签
没有标签, 成为第一个标记此记录!
Thư viện lưu trữ: Trung tâm Học liệu Trường Đại học Cần Thơ
LEADER 00601nam a2200205Ia 4500
001 CTU_128554
008 210402s9999 xx 000 0 und d
020 |c 1077000 
082 |a 004.678 
082 |b S545 
100 |a Shelly, Gary B. 
245 0 |a Discovering computers : 
245 0 |b Fundamentals 
245 0 |c Gary B. Shelley, Thomas J. Cashman and Misty E. Vermaat 
260 |a Boston, MA 
260 |b Thomson Course Technology 
260 |c 2008 
650 |a Computer science.,Computer networks.,Internet. 
904 |i Minh 
980 |a Trung tâm Học liệu Trường Đại học Cần Thơ